• TEATRO

di Topical Term

Records bibliografici associati: 1

001 - CONTROL NUMBER

  • control field: 51981

003 - CONTROL NUMBER IDENTIFIER

  • control field: IT-RoPau

005 - DATE AND TIME OF LATEST TRANSACTION

  • control field: 20151202203441.0

008 - FIXED-LENGTH DATA ELEMENTS

  • fixed length control field: 151202|| aca||aabn | a|a d

040 ## - CATALOGING SOURCE

  • Original cataloging agency: IT-RoPau
  • Transcribing agency: IT-RoPau

150 ## - HEADING--TOPICAL TERM

  • Topical term or geographic name entry element: TEATRO
  • : TV-TEATRO/DANZA [VHS]
  • General subdivision: Codice MATERIA SPICS: 9961

670 ## - SOURCE DATA FOUND

  • Source citation: Work cat.: (IT-RoPau)107405: Mrozek Slawomir Codice regista SPICS: 11172 51979, MATTATOIO (IL) MATTATOIO (IL) (Rif. Codice opera principale : 26255)
CREDITS: SOCIETA' SAN PAOLO Via A.Severo, 58 - ROMA (RM) & PERIODICI SAN PAOLO SRL Via Giotto, 36 MILANO & CISF Via Giotto, 36 MILANO & EDIZIONI SAN PAOLO SRL,  Piazza Soncino, 5 CINISELLO BALSAMO (MI) -- ITALY